000 00402nam a2200169Ia 4500
008 170705s9999 xx 000 0 und d
020 _a9780385751537
245 4 _aThe boy in the stripped pajamas /
245 _cJohn Boyne.
260 _aNew York :
260 _bScholastic,
260 _c2006
300 _a215 pages :
300 _bcolor illustration ;
300 _c20cm.
500 _a1080
999 _c336681
_d336681